000 02480cam a2200481 a 4500
001 556370655
003 OCoLC
005 20150408114106.0
006 m d
007 cr |n|||||||||
008 100204s2010 gw a ob 101 0 eng c
020 _a9783642118043 (softcover : alk. paper)
020 _a3642118046 (softcover : alk. paper)
020 _a9783642118050
020 _a3642118054
035 _a(OCoLC)556370655
_z(OCoLC)630115726
037 _a978-3-642-11804-3
_bSpringer
_nhttp://www.springerlink.com
040 _aCOO
_beng
_cCOO
_dCUS
_dGW5XE
_dOCLCQ
042 _apcc
050 4 _aT385
_b.S884 2010
082 0 4 _a006.6
_222
_bSYG
111 2 _aSymposium on Graph Drawing
_n(17th :
_d2009 :
_cChicago, Ill.)
_918877
245 1 0 _aGraph drawing
_h[electronic resource] :
_b17th international symposium, GD 2009, Chicago, IL, USA, September 22-25, 2009 : revised papers /
_cDavid Eppstein, Emden R. Gansner (eds.)
260 _aBerlin ;
_aNew York :
_bSpringer,
_cc2010.
300 _a1 online resource (xii, 436 p.) :
_bill.
490 1 _aLecture notes in computer science,
_x0302-9743 ;
_v5849.
490 1 _aLNCS sublibrary. SL 1, Theoretical computer science and general issues.
504 _aIncludes bibliographical references and index.
650 0 _aComputer graphics
_vCongresses.
_918878
650 0 _aGraph theory
_vCongresses.
_918879
655 4 _aElectronic books.
_94135
700 1 _aEppstein, David.
_918880
700 1 _aGansner, Emden R.,
_d1950-
_918881
773 0 _tSpringerLink
_w(OCoLC)43927870.
776 0 8 _iPrint version:
_tGraph Drawing.
_dSpringer-Verlag New York Inc 2010
_z9783642118043
_w(DLC) 2010921981
_w(OCoLC)502033373.
830 0 _aLecture notes in computer science ;
_v5849.
_918882
830 0 _aLNCS sublibrary.
_nSL 1,
_pTheoretical computer science and general issues.
_918545
856 4 0 _3SpringerLink
_zConnect to electronic resource
_uhttp://www.springerlink.com/openurl.asp?genre=book&isbn=978-3-642-11804-3
856 4 0 _3SpringerLink
_zConnect to electronic resource
_uhttp://dx.doi.org/10.1007/978-3-642-11805-0
856 4 0 _3SpringerLink
_zConnect to electronic resource (off-campus access)
_uhttp://proxy.ohiolink.edu:9099/login?url=http://www.springerlink.com/openurl.asp?genre=book&isbn=978-3-642-11804-3
856 4 0 _3SpringerLink
_zConnect to electronic resource (off-campus access)
_uhttp://proxy.ohiolink.edu:9099/login?url=http://dx.doi.org/10.1007/978-3-642-11805-0
942 _2ddc
_cDVD
999 _c26596
_d261096